|
|
|
|
| LEADER |
01182nam a2200349 a 4500 |
| 001 |
000636084 |
| 003 |
CZ BrMZK |
| 005 |
20081216120039.0 |
| 007 |
ta |
| 008 |
021114s2002 xr g f cze d |
| 015 |
|
|
|a cnb001177768
|
| 020 |
|
|
|a 80-249-0080-7
|
| 035 |
|
|
|a (OCoLC)53267057
|
| 040 |
|
|
|a BOA001
|b cze
|
| 041 |
1 |
|
|a cze
|h eng
|
| 072 |
|
7 |
|a 821.111-3
|x Anglická próza, anglicky psaná
|2 Konspekt
|9 25
|
| 080 |
|
|
|a 821.111-3
|2 MRF
|
| 080 |
|
|
|a (0:82-311.6)
|2 MRF
|
| 080 |
|
|
|a (0:82-312.5)
|2 MRF
|
| 100 |
1 |
|
|a Chadwick, Elizabeth,
|d 1957-
|7 xx0000055
|4 aut
|
| 245 |
1 |
0 |
|a Válečník /
|c Elizabeth Chadwicková ; [z anglického originálu přeložila Tatjana Jandourková]
|
| 250 |
|
|
|a Vyd. 1.
|
| 260 |
|
|
|a Praha :
|b Ikar,
|c 2002
|
| 300 |
|
|
|a 455 s. ;
|c 21 cm
|
| 655 |
|
7 |
|a anglické romány
|7 fd131814
|2 czenas
|
| 655 |
|
7 |
|a historické romány
|7 fd132414
|2 czenas
|
| 655 |
|
7 |
|a milostné romány
|7 fd132840
|2 czenas
|
| 700 |
1 |
|
|a Jandourková, Tatjana,
|d 1949-
|7 xx0023032
|4 trl
|
| 765 |
0 |
|
|t <<The >>champion
|9 Česky
|
| 910 |
|
|
|a BOA001
|b 2-1108.514
|
| 990 |
|
|
|a BK
|
| 996 |
6 |
|
|b 2610175341
|c 2-1108.514
|l MZK
|r Sklad / do 1 hodiny
|n 3
|p p.v.
|w 000636084
|u 000010
|a 1
|e BOA001
|j MZK50
|s P
|